Enron

Bankrot siedmej najväčšej americkej firmy Enron v USA. Vznik firmy Enron, jej organizačná štruktúra a činnosť. Vyšetrovanie okolností krachu Enronu. Nový zákon o financovaní volebných kampaní. Medzinárodné aspekty krachu Enronu.

Guardado en:
Detalles Bibliográficos
Autor principal: Ellinger, Jiří
Formato: Capítulo de libro
Lenguaje:checo
Materias:
Etiquetas: Agregar Etiqueta
Sin Etiquetas, Sea el primero en etiquetar este registro!

MARC

LEADER 00000naa a2200000 4500
001 r045031
005 20231004105141.6
041 0 |a cze 
044 |a CZ 
245 1 0 |a Enron  |c Jiří Ellinger 
520 |a Bankrot siedmej najväčšej americkej firmy Enron v USA. Vznik firmy Enron, jej organizačná štruktúra a činnosť. Vyšetrovanie okolností krachu Enronu. Nový zákon o financovaní volebných kampaní. Medzinárodné aspekty krachu Enronu. 
610 2 0 |a podnik 
610 2 0 |a bankrot 
610 2 0 |a USA 
610 2 0 |a podvody bankové 
610 2 0 |a účtovníctvo 
610 2 0 |a korupcia 
610 2 0 |a politika medzinárodná 
610 2 0 |a Enron 
100 1 |a Ellinger, Jiří